00657nam a2200253Ia 4500008004100000020001800041050001400059100002000073245003300093245002300126260002500149260001600174260000900190300001600199300002800215300001000243500000900253650002200262650003600284650002700320650002200347650002300369700001100392190123s9999 xx 000 0 und d a9780545417310 bG199 2013 aGansworth, Eric 0aIf I ever get out of there / 0cby Eric Gansworth. aNew York, New York : bScholastic, c2013 a359 pages : bcolored illustrations ; c20cm. a870L aEthnic relations. aFamilies of military personnel. aIdentity (Psychology). aNew York (State). aTuscarora Indians. aTitle.